000 00470nam a22001817a 4500
005 20251108174643.0
008 250721s2006 xx 000 0 eng d
082 1 4 _aJ/372.24/WRI
100 1 _awright, blanche
_eIllus.
245 1 4 _aThe Real Mother Goose /
264 1 _anew york :
_bscholastic inc,
_c2006.
300 _a143P.
650 1 7 _aCGILDREN
650 1 7 _aLEARNING
653 _aاطفال مرحله متوسطه
942 _2ddc
_cBK
999 _c114572
_d114572